Pierre Garnier - Maintenant [paroles] - Statistiques

Statistiques générales
  • Ce quiz a été pris 32 fois
  • Le résultat moyen est 80 sur 100
Statistiques - réponses
Réponse % Correct
à
100%
a
100%
ça
100%
de
100%
maintenant
100%
cadran
95%
des
95%
est
95%
fait
95%
je
95%
le
95%
que
95%
sur
95%
chaque
91%
famille
91%
la
91%
91%
longtemps
91%
moi
91%
qu’elle
91%
quelle
91%
temps
91%
trop
91%
avant
86%
chez
86%
faire
86%
instant
86%
jamais
86%
j’vais
86%
mais
86%
me
86%
on
86%
prendre
86%
profiter
86%
qui
86%
rentrer
86%
retarde
86%
sais
86%
tout
86%
vais
86%
choses
82%
et
82%
heure
82%
il
82%
j’apprends
82%
les
82%
l’heure
82%
m’attend
82%
pas
82%
pour
82%
tous
82%
visage
82%
d’avant
77%
distance
77%
du
77%
gens
77%
j’ai
77%
j’avais
77%
longue
77%
manquent
77%
milliers
77%
moment
77%
parents
77%
pleinement
77%
qu’on
77%
rappelle
77%
sourire
77%
toujours
77%
vie
77%
eu
73%
gardera
73%
j’dois
73%
j’me
73%
revois
73%
souvenirs
73%
visages
73%
bien
68%
dis-moi
68%
d’ma
68%
l’temps
68%
mal
68%
monde
68%
presque
68%
vol
68%
autour
64%
changé
64%
confier
64%
peur
64%
peut
64%
d’être
59%
j’veux
59%
l’impression
59%
m’écouter
59%
rater
59%
seul
59%
souvent
59%
côté
55%
passer
55%
bloquera
45%
Aucun quiz correspondant
Distribution des résultats
% des personnes avec chaque résultat
Percentile par nombre de réponses
Votre historique - résultats
Vous n’avez pas pris ce quiz